[Event "Internationaal Jeugdtoernooi Limburg 6"]
[Site "Venlo"]
[Date "2000.07.09"]
[Round "7"]
[White "Koster, Ramon"]
[Black "Van Gemen, Felix"]
[Result "1-0"]
[WhiteElo "2106"]
[BlackElo "1803"]
[PlyCount "49"]
[EventDate "2000.07.06"]
[EventType "swiss"]
[EventRounds "7"]
[EventCountry "NED"]
[Source "P.Boonen"]
[SourceDate "2009.01.01"]

1. d4 Nf6 2. g3 d5 3. Bg2 Bf5 4. c4 e6 5. Nc3 Be7 6. Qb3 Nc6 7. cxd5 exd5 8.
Be3 Nb4 9. Rc1 c5 10. Nf3 c4 11. Qd1 Qa5 12. O-O Nxa2 13. Nxa2 Qxa2 14. Ne5 O-O
15. g4 Bxg4 16. Nxg4 Nxg4 17. Bxd5 Nxe3 18. fxe3 Qxb2 19. Rxc4 Rad8 20. e4 Bf6
21. e3 Qb6 22. Qf3 Rd7 23. e5 Be7 24. Bxf7+ Kh8 25. d5 1-0

[Event "Internationaal Jeugdtoernooi Limburg 6"]
[Site "Venlo"]
[Date "2000.07.09"]
[Round "7"]
[White "Nabuurs, Mart"]
[Black "Simenon, Jozef"]
[Result "1/2-1/2"]
[WhiteElo "1500"]
[BlackElo "1650"]
[PlyCount "40"]
[EventDate "2000.07.06"]
[EventType "swiss"]
[EventRounds "7"]
[EventCountry "NED"]
[Source "P.Boonen"]
[SourceDate "2009.01.01"]

1. e4 c5 2. Nf3 d6 3. d4 cxd4 4. Nxd4 Nf6 5. Nc3 g6 6. f3 Bg7 7. Be3 O-O 8. Qd2
Nc6 9. Bc4 Bd7 10. O-O-O a6 11. Bb3 Na5 12. h4 Nxb3+ 13. Nxb3 h5 14. Bd4 b5 15.
Rdg1 Bc6 16. Qe1 b4 17. Nd1 a5 18. Bxf6 Bxf6 19. g4 a4 20. Nd2 Bd4 1/2-1/2

[Event "Internationaal Jeugdtoernooi Limburg 6"]
[Site "Venlo"]
[Date "2000.07.09"]
[Round "7"]
[White "Schilperoort, Jeroen"]
[Black "Nabuurs, Joep"]
[Result "1-0"]
[WhiteElo "1851"]
[BlackElo "1526"]
[PlyCount "61"]
[EventDate "2000.07.06"]
[EventType "swiss"]
[EventRounds "7"]
[EventCountry "NED"]
[Source "P.Boonen"]
[SourceDate "2009.01.01"]

1. e4 e5 2. Nf3 Nc6 3. d4 exd4 4. Nxd4 Nf6 5. Nxc6 bxc6 6. Bd3 Bc5 7. O-O O-O
8. Bg5 h6 9. Bh4 d6 10. h3 Rb8 11. b3 Qe7 12. Qf3 Re8 13. Re1 Bb7 14. Bxf6 Qxf6
15. Qxf6 gxf6 16. c3 Rbd8 17. a4 a5 18. Nd2 Kg7 19. Rab1 d5 20. b4 axb4 21.
cxb4 Bf8 22. Nf3 Ba8 23. Nd4 dxe4 24. Nf5+ Kg6 25. Rxe4 Rxe4 26. Bxe4 c5 27.
Bc2 cxb4 28. Rb3 Bd5 29. Rg3+ Kh7 30. Ne7+ Kh8 31. Rg8# 1-0

[Event "Internationaal Jeugdtoernooi Limburg 6"]
[Site "Venlo"]
[Date "2000.07.09"]
[Round "7"]
[White "Smeets, Jan"]
[Black "Vink, Nico"]
[Result "1-0"]
[WhiteElo "2264"]
[BlackElo "2234"]
[PlyCount "41"]
[EventDate "2000.07.06"]
[EventType "swiss"]
[EventRounds "7"]
[EventCountry "NED"]
[Source "P.Boonen"]
[SourceDate "2009.01.01"]

1. e4 c5 2. Nf3 d6 3. d4 cxd4 4. Nxd4 Nf6 5. Nc3 a6 6. Be2 e5 7. Nf5 Bxf5 8.
exf5 d5 9. Bg5 Bb4 10. Bxf6 gxf6 11. O-O Bxc3 12. bxc3 Nc6 13. Rb1 Qd7 14. c4
d4 15. Bf3 O-O 16. Be4 Kh8 17. Qh5 Qe7 18. Qh6 Na5 19. Rb6 Rac8 20. Rxf6 Nxc4
21. Rb6 1-0

[Event "Internationaal Jeugdtoernooi Limburg 6"]
[Site "Venlo"]
[Date "2000.07.09"]
[Round "7"]
[White "Spronkmans, Stefan"]
[Black "Ris, Robert"]
[Result "1/2-1/2"]
[WhiteElo "1650"]
[BlackElo "1750"]
[PlyCount "70"]
[EventDate "2000.07.06"]
[EventType "swiss"]
[EventRounds "7"]
[EventCountry "NED"]
[Source "P.Boonen"]
[SourceDate "2009.01.01"]

1. e4 c5 2. Nf3 d6 3. d4 cxd4 4. Nxd4 Nf6 5. Nc3 a6 6. Be3 e5 7. Nb3 Be6 8. Be2
Be7 9. O-O Nbd7 10. Qd2 b5 11. f3 Qc7 12. Rfd1 Rc8 13. Rac1 O-O 14. Qe1 Rfe8
15. g4 Nb6 16. h4 Red8 17. Qg3 d5 18. exd5 Nfxd5 19. Nxd5 Nxd5 20. Bf2 Nf4 21.
Rxd8+ Rxd8 22. Bf1 Bxb3 23. axb3 Bc5 24. Bxc5 Qxc5+ 25. Qf2 Qd6 26. c4 bxc4 27.
bxc4 Qb4 28. Rc2 Rd1 29. Kh2 g6 30. c5 Qb3 31. Bxa6 Qa2 32. Bf1 Qb1 33. Bg2 Nd3
34. Qe2 Nf4 35. Qf2 Nd3 1/2-1/2

[Event "Internationaal Jeugdtoernooi Limburg 6"]
[Site "Venlo"]
[Date "2000.07.09"]
[Round "7"]
[White "Tan, Kevin"]
[Black "Plukkel, Sjoerd"]
[Result "0-1"]
[WhiteElo "1996"]
[BlackElo "1976"]
[PlyCount "98"]
[EventDate "2000.07.06"]
[EventType "swiss"]
[EventRounds "7"]
[EventCountry "NED"]
[Source "P.Boonen"]
[SourceDate "2009.01.01"]

1. e4 c5 2. Nf3 Nc6 3. d4 cxd4 4. Nxd4 Nf6 5. Nc3 e5 6. Ndb5 d6 7. Bg5 a6 8.
Na3 b5 9. Nd5 Be7 10. Bxf6 Bxf6 11. Be2 O-O 12. O-O Bg5 13. c3 Ne7 14. Nxe7+
Qxe7 15. Qd3 Be6 16. Nc2 f5 17. Rfd1 Bc4 18. Qf3 Be6 19. Nb4 Kh8 20. exf5 Bxf5
21. Qd5 Qa7 22. Rf1 Rf6 23. a4 Raf8 24. axb5 Bg4 25. Bf3 Rxf3 26. gxf3 Bxf3 27.
Qe6 Qb8 28. bxa6 Rf6 29. a7 Qf8 30. Qh3 Rg6 31. Rfd1 Ba8 32. Kf1 Rf6 33. Qg3
Bf4 34. Qh3 Rh6 35. Qd7 Be3 36. Rd2 Rxh2 37. Qxd6 Rh1+ 38. Ke2 Qf3+ 39. Kd3
Bc5+ 40. Kc2 Bxd6 41. Rxh1 Qxh1 42. Rxd6 Qe4+ 43. Kb3 h5 44. c4 Qb7 45. Ra6 h4
46. c5 h3 47. c6 Qxa6 48. Nxa6 Bxc6 49. Nb4 Bb7 0-1

[Event "Internationaal Jeugdtoernooi Limburg 6"]
[Site "Venlo"]
[Date "2000.07.09"]
[Round "7"]
[White "Tan, Matthew"]
[Black "Van Otten, Gerard J"]
[Result "1/2-1/2"]
[WhiteElo "1800"]
[BlackElo "1940"]
[PlyCount "47"]
[EventDate "2000.07.06"]
[EventType "swiss"]
[EventRounds "7"]
[EventCountry "NED"]
[Source "P.Boonen"]
[SourceDate "2009.01.01"]

1. e4 c5 2. Nf3 d6 3. d4 cxd4 4. Nxd4 Nf6 5. Nc3 Nc6 6. Be2 e6 7. Be3 Be7 8.
O-O O-O 9. Nb3 a6 10. a4 b6 11. f4 Qc7 12. Bf3 Bb7 13. Qd2 Rfe8 14. Rad1 Rab8
15. g4 Na5 16. Nxa5 bxa5 17. g5 Nd7 18. h4 Ba8 19. Rb1 Rb4 20. Qg2 Reb8 21. h5
Rxb2 22. Nb5 axb5 23. Rxb2 b4 24. h6 1/2-1/2

[Event "Internationaal Jeugdtoernooi Limburg 6"]
[Site "Venlo"]
[Date "2000.07.09"]
[Round "7"]
[White "Van Run, Jan"]
[Black "Holtackers, Daan"]
[Result "1/2-1/2"]
[WhiteElo "1910"]
[BlackElo "1850"]
[PlyCount "41"]
[EventDate "2000.07.06"]
[EventType "swiss"]
[EventRounds "7"]
[EventCountry "NED"]
[Source "P.Boonen"]
[SourceDate "2009.01.01"]

1. b3 d5 2. Bb2 c5 3. e3 Nc6 4. f4 Nf6 5. Nf3 Bf5 6. Be2 e6 7. O-O Be7 8. Nh4
O-O 9. Nxf5 exf5 10. Bf3 Qd7 11. Kh1 b5 12. d3 Rad8 13. Nc3 b4 14. Ne2 Rfe8 15.
Ng3 a5 16. e4 fxe4 17. dxe4 dxe4 18. Qxd7 Rxd7 19. Nxe4 Nd4 20. Rad1 Red8 21.
Bxd4 1/2-1/2

[Event "Internationaal Jeugdtoernooi Limburg 6"]
[Site "Venlo"]
[Date "2000.07.09"]
[Round "7"]
[White "Van Weersel, Arlette"]
[Black "Bensdorp, Marlies"]
[Result "1/2-1/2"]
[WhiteElo "1819"]
[BlackElo "1669"]
[PlyCount "85"]
[EventDate "2000.07.06"]
[EventType "swiss"]
[EventRounds "7"]
[EventCountry "NED"]
[Source "P.Boonen"]
[SourceDate "2009.01.01"]

1. e4 d6 2. c4 Nf6 3. Nc3 Nbd7 4. d3 e5 5. f4 Be7 6. Nf3 c6 7. Be2 h6 8. d4 Qa5
9. O-O O-O 10. Kh1 Rd8 11. Bd2 Qc7 12. Qc1 exd4 13. Nxd4 Nc5 14. Bf3 a5 15. Rb1
Bd7 16. a3 a4 17. h3 Be6 18. Nxe6 fxe6 19. g4 Nb3 20. Qe1 e5 21. g5 hxg5 22.
fxg5 Nd7 23. Bg4 Ndc5 24. Be3 g6 25. Qh4 Bf8 26. Rf6 Qg7 27. Rbf1 Re8 28. Qf2
Re7 29. Rxd6 Rf7 30. Rf6 Rxf6 31. Qxf6 Qxf6 32. Rxf6 Kg7 33. Rf1 Rd8 34. Rd1
Rd3 35. Rxd3 Nxd3 36. Nxa4 b5 37. cxb5 cxb5 38. Nc3 b4 39. axb4 Bxb4 40. Nd1
Bd2 41. Bxd2 Nxd2 42. Be2 Nf4 43. Bg4 1/2-1/2

[Event "Internationaal Jeugdtoernooi Limburg 6"]
[Site "Venlo"]
[Date "2000.07.09"]
[Round "7"]
[White "Van den Berg, Hilke"]
[Black "Hendriks, Victor"]
[Result "0-1"]
[WhiteElo "1949"]
[BlackElo "1961"]
[PlyCount "93"]
[EventDate "2000.07.06"]
[EventType "swiss"]
[EventRounds "7"]
[EventCountry "NED"]
[Source "P.Boonen"]
[SourceDate "2009.01.01"]

1. e4 g6 2. d4 Bg7 3. c4 d6 4. Nc3 Nd7 5. Be3 e5 6. Nge2 Ngf6 7. f3 exd4 8.
Nxd4 O-O 9. Qd2 Ne5 10. O-O-O Bd7 11. Bh6 Re8 12. h4 Bh8 13. h5 Nxh5 14. g4 Ng3
15. Be2 Nxh1 16. Rxh1 Nc6 17. Nc2 Be6 18. f4 a5 19. f5 Bd7 20. Bg5 Bxc3 21.
bxc3 f6 22. Qd5+ Be6 23. fxe6 Ne7 24. Qd3 fxg5 25. Qh3 h5 26. gxh5 Kg7 27. Nd4
Rh8 28. Rf1 Rf8 29. hxg6 Rxf1+ 30. Qxf1 Qf8 31. Qf7+ Qxf7 32. gxf7 Kf6 33. Bg4
c6 34. Kd2 Ng6 35. Bf5 Nf4 36. Ke3 a4 37. Kf3 a3 38. Kg4 Rd8 39. Kf3 c5 40. Nb5
Nxe6 41. Nxd6 Rxd6 42. Bxe6 Ke7 43. Bd5 Rb6 44. Kg4 Rb2 45. Kf5 Rxa2 46. e5
Rf2+ 47. Kg6 0-1

[Event "Internationaal Jeugdtoernooi Limburg 6"]
[Site "Venlo"]
[Date "2000.07.09"]
[Round "7"]
[White "Vanwersch, Rob"]
[Black "Verwer, Sicco"]
[Result "1/2-1/2"]
[WhiteElo "1538"]
[BlackElo "1800"]
[PlyCount "38"]
[EventDate "2000.07.06"]
[EventType "swiss"]
[EventRounds "7"]
[EventCountry "NED"]
[Source "P.Boonen"]
[SourceDate "2009.01.01"]

1. e4 e5 2. Nc3 Nf6 3. f4 d5 4. fxe5 Nxe4 5. Nf3 Bg4 6. Qe2 Nxc3 7. bxc3 Nc6 8.
d4 Be7 9. Qf2 O-O 10. Bd3 Bh5 11. O-O Bg6 12. Qg3 Na5 13. Bf4 Rc8 14. Rab1 c5
15. Bxg6 fxg6 16. Bd2 b6 17. Rbe1 Nc4 18. Bc1 Qe8 19. Qh3 Rf5 1/2-1/2

[Event "Internationaal Jeugdtoernooi Limburg 6"]
[Site "Venlo"]
[Date "2000.07.09"]
[Round "7"]
[White "Wirig, Anthony"]
[Black "Den Heeten, Djurre"]
[Result "1/2-1/2"]
[WhiteElo "2221"]
[BlackElo "1894"]
[PlyCount "44"]
[EventDate "2000.07.06"]
[EventType "swiss"]
[EventRounds "7"]
[EventCountry "NED"]
[Source "P.Boonen"]
[SourceDate "2009.01.01"]

1. e4 d6 2. Nc3 Nf6 3. d4 Nbd7 4. Be3 c6 5. a4 e5 6. h3 Be7 7. Nf3 Qc7 8. Be2
h6 9. Qd2 Nf8 10. g3 Be6 11. Kf1 Rg8 12. d5 Bd7 13. Nh4 g5 14. Nf5 Nxe4 15.
Nxe4 Bxf5 16. f3 Bh7 17. Nc3 f5 18. Bf2 Nd7 19. a5 Rf8 20. a6 b6 21. Kg2 Bg8
22. dxc6 Qxc6 1/2-1/2

[Event "Internationaal Jeugdtoernooi Limburg 6"]
[Site "Venlo"]
[Date "2000.07.09"]
[Round "7"]
[White "Wortel, Marten"]
[Black "Remmel, Tim"]
[Result "0-1"]
[WhiteElo "2256"]
[BlackElo "2126"]
[PlyCount "122"]
[EventDate "2000.07.06"]
[EventType "swiss"]
[EventRounds "7"]
[EventCountry "NED"]
[Source "P.Boonen"]
[SourceDate "2009.01.01"]

1. e4 d5 2. exd5 Qxd5 3. Nc3 Qa5 4. d4 c6 5. Bc4 Bf5 6. Nge2 e6 7. O-O Nd7 8.
Ng3 Bg6 9. f4 Nh6 10. Bd2 Qb6 11. Qe2 O-O-O 12. a4 Qxd4+ 13. Be3 Qxe3+ 14. Qxe3
Bc5 15. Qxc5 Nxc5 16. b4 Rd4 17. Bxe6+ Nxe6 18. f5 Rc4 19. Nce4 Nxf5 20. Nxf5
Rxe4 21. Nd6+ Kb8 22. Nxe4 Bxe4 23. Rxf7 Bg6 24. Re7 Re8 25. Rxe8+ Bxe8 26. Re1
Bf7 27. Kf2 Kc7 28. Ke3 Bg6 29. c3 Kd6 30. Rd1+ Ke7 31. Rd2 Nc7 32. Kd4 Nd5 33.
a5 Kd6 34. Rf2 Nf6 35. Rf1 b6 36. axb6 axb6 37. Ra1 c5+ 38. Kc4 cxb4 39. cxb4
Be8 40. Ra6 Nd7 41. Ra8 Ne5+ 42. Kd4 Nc6+ 43. Kc4 Ne5+ 44. Kd4 Bc6 45. Rd8+ Nd7
46. Rg8 g6 47. g3 Ne5 48. Rb8 b5 49. Rd8+ Bd7 50. Rh8 Nc6+ 51. Kc3 h5 52. Ra8
Ne7 53. Ra6+ Ke5 54. Ra1 Nd5+ 55. Kb3 Be6 56. Re1+ Kf5 57. Ka3 Nf6 58. Kb2 Bc4
59. Kc2 Nd5 60. Rb1 Kg4 61. Kd1 Nc3+ 0-1